عرض عادي
عرض مارك
- Cutajar, James,
مدخل إسم شخص
001 - رقم الضبط
- حقل الضبط: 89604
003 - معرف رقم الضبط
- حقل الضبط: OSt
005 - تاريخ ووقت أخر عملية
- حقل الضبط: 20220315122452.0
008 - عناصر بيانات ثابتة الطول
- حقل تحكم ثابت الطول: 220315|| aca||aabn | a|a d
040 ## - مصدر الفهرسة
- هيئة الفهرسة الأصلية: OSt
- وكالة الكتابة: OSt
100 ## - مدخل -- أسم شخص
- إسم شخص: Cutajar, James,
670 ## - بيانات المصدر موجوده
- الاستشهاد بالمصدر: Work cat.: (OSt)0: Cutajar, James, author, Beginning Java Data Structures and Algorithms
